000 00353nam a22001457a 4500
003 SGT
020 _a9781416025276
082 _a617.522
_bC12B
100 _aBagheri, Shahrokh C.
245 _aCurrent therapy in Oral & Maxillofacial Surgery
260 _bSpringer
_c2021
300 _a1114
650 _aOral & Maxillofacial Surgery
942 _2ddc
_cBK
999 _c26876
_d26876